[Event "DVM U20w 2023"]
[Site "Magdeburg GER"]
[Date "2023.12.28"]
[Round "3"]
[White "Hellenbroich, Helene"]
[Black "Hallfarth, Luise"]
[Result "0-1"]
[Termination "normal"]
[Board "2.4"]
[WhiteElo "1358"]
[BlackElo "1453"]
[WhiteClock "00:08:08"]
[BlackClock "00:02:15"]
[WhiteTeam "Lübecker SV 1873"]
[BlackTeam "SK Nordhorn-Blanke"]
[PlyCount "82"]
[WhiteFideId "16270754"]
[BlackFideId "16250222"]
[EventCountry "GER"]
[EventRounds "7"]
[EventType "team-swiss"]
[EventDate "2023.12.26"]

1. e4 {[%clk 01:30:15]} {[%emt 00:00:44]} c5 {[%clk 01:30:52]} {[%emt
00:00:08]} 2. f4 {[%clk 01:30:23]} {[%emt 00:00:22]} e6 {[%clk 01:24:25]}
{[%emt 00:06:57]} 3. Nf3 {[%clk 01:26:09]} {[%emt 00:04:44]} d5 {[%clk
01:21:28]} {[%emt 00:03:27]} 4. exd5 {[%clk 01:22:21]} {[%emt 00:04:18]} exd5
{[%clk 01:19:07]} {[%emt 00:02:51]} 5. Bb5+ {[%clk 01:21:45]} {[%emt 00:01:05]}
Bd7 {[%clk 01:18:13]} {[%emt 00:01:25]} 6. Qe2+ {[%clk 01:21:44]} {[%emt
00:00:32]} Be7 {[%clk 01:12:34]} {[%emt 00:06:08]} 7. Ne5 {[%clk 01:17:06]}
{[%emt 00:05:08]} Nf6 {[%clk 01:09:08]} {[%emt 00:03:56]} 8. Nc3 {[%clk
01:14:05]} {[%emt 00:03:30]} O-O {[%clk 01:06:00]} {[%emt 00:03:39]} 9. Nxd7
{[%clk 01:12:20]} {[%emt 00:02:15]} Nbxd7 {[%clk 01:04:19]} {[%emt 00:02:11]}
10. O-O {[%clk 01:11:12]} {[%emt 00:01:38]} a6 {[%clk 00:59:22]} {[%emt
00:05:27]} 11. Bd3 {[%clk 01:10:11]} {[%emt 00:01:31]} Re8 {[%clk 00:55:12]}
{[%emt 00:04:41]} 12. Qf3 {[%clk 01:07:59]} {[%emt 00:02:41]} c4 {[%clk
00:46:39]} {[%emt 00:09:02]} 13. Bf5 {[%clk 01:03:56]} {[%emt 00:04:31]} d4
{[%clk 00:37:11]} {[%emt 00:10:01]} 14. Ne4 {[%clk 00:57:05]} {[%emt 00:07:21]}
b5 {[%clk 00:35:33]} {[%emt 00:02:08]} 15. Kh1 {[%clk 00:53:51]} {[%emt
00:03:44]} Nc5 {[%clk 00:33:18]} {[%emt 00:02:45]} 16. Nxf6+ {[%clk 00:47:17]}
{[%emt 00:07:04]} Bxf6 {[%clk 00:32:27]} {[%emt 00:01:21]} 17. d3 {[%clk
00:45:44]} {[%emt 00:02:03]} Qe7 {[%clk 00:24:24]} {[%emt 00:08:32]} 18. Bd2
{[%clk 00:40:34]} {[%emt 00:05:40]} Qe2 {[%clk 00:21:19]} {[%emt 00:03:33]} 19.
Qxe2 {[%clk 00:40:34]} {[%emt 00:00:33]} Rxe2 {[%clk 00:21:40]} {[%emt
00:00:10]} 20. Bb4 {[%clk 00:40:44]} {[%emt 00:00:19]} Na4 {[%clk 00:17:41]}
{[%emt 00:04:28]} 21. dxc4 {[%clk 00:38:20]} {[%emt 00:02:54]} bxc4 {[%clk
00:16:48]} {[%emt 00:01:23]} 22. Ba3 {[%clk 00:34:33]} {[%emt 00:04:17]} Rd8
{[%clk 00:13:49]} {[%emt 00:03:30]} 23. Rfe1 {[%clk 00:33:44]} {[%emt
00:01:19]} Rf2 {[%clk 00:09:32]} {[%emt 00:04:46]} 24. g3 {[%clk 00:33:07]}
{[%emt 00:01:07]} g6 {[%clk 00:07:49]} {[%emt 00:02:15]} 25. Kg1 {[%clk
00:29:14]} {[%emt 00:04:23]} Rd2 {[%clk 00:07:17]} {[%emt 00:01:01]} 26. Bb4
{[%clk 00:27:49]} {[%emt 00:01:55]} c3 {[%clk 00:06:18]} {[%emt 00:01:29]} 27.
Ba5 {[%clk 00:20:48]} {[%emt 00:07:31]} Rd5 {[%clk 00:04:57]} {[%emt 00:01:50]}
28. Bb4 {[%clk 00:20:27]} {[%emt 00:00:51]} gxf5 {[%clk 00:04:06]} {[%emt
00:01:22]} 29. b3 {[%clk 00:17:09]} {[%emt 00:03:48]} Nb6 {[%clk 00:03:28]}
{[%emt 00:01:05]} 30. h4 {[%clk 00:17:33]} {[%emt 00:00:10]} Rxc2 {[%clk
00:03:24]} {[%emt 00:00:33]} 31. h5 {[%clk 00:17:57]} {[%emt 00:00:06]} Rd8
{[%clk 00:03:16]} {[%emt 00:00:36]} 32. h6 {[%clk 00:16:08]} {[%emt 00:02:21]}
d3 {[%clk 00:02:53]} {[%emt 00:00:52]} 33. Ba5 {[%clk 00:14:30]} {[%emt
00:02:09]} Bd4+ {[%clk 00:02:36]} {[%emt 00:00:45]} 34. Kh1 {[%clk 00:14:45]}
{[%emt 00:00:16]} f6 {[%clk 00:02:14]} {[%emt 00:00:52]} 35. Re7 {[%clk
00:13:08]} {[%emt 00:02:07]} Rf2 {[%clk 00:01:42]} {[%emt 00:01:02]} 36. Rg7+
{[%clk 00:10:45]} {[%emt 00:02:54]} Kh8 {[%clk 00:01:57]} {[%emt 00:00:15]} 37.
Bxb6 {[%clk 00:08:58]} {[%emt 00:02:18]} Bxb6 {[%clk 00:02:11]} {[%emt
00:00:15]} 38. Rf7 {[%clk 00:08:14]} {[%emt 00:01:13]} d2 {[%clk 00:01:47]}
{[%emt 00:00:54]} 39. Rd1 {[%clk 00:07:40]} {[%emt 00:01:04]} c2 {[%clk
00:01:59]} {[%emt 00:00:18]} 40. Rxd2 {[%clk 00:08:06]} {[%emt 00:00:05]} Rfxd2
{[%clk 00:02:15]} {[%emt 00:00:14]} 41. Rd7 {[%clk 00:08:08]} {[%emt 00:00:28]}
c1=Q# {[%emt 00:00:23]} 0-1

[Event "DVM U20w 2023"]
[Site "Magdeburg GER"]
[Date "2023.12.28"]
[Round "3"]
[White "Bauer, Laura Sophie"]
[Black "Pikki, Daria"]
[Result "1/2-1/2"]
[Termination "normal"]
[Board "3.1"]
[WhiteElo "1878"]
[BlackElo "1649"]
[WhiteClock "00:15:02"]
[BlackClock "00:50:12"]
[WhiteTeam "SK Kelheim 1920"]
[BlackTeam "SV Königsjäger Süd-West"]
[PlyCount "130"]
[WhiteFideId "16253647"]
[BlackFideId "16281306"]
[EventCountry "GER"]
[EventRounds "7"]
[EventType "team-swiss"]
[EventDate "2023.12.26"]

1. e4 {[%clk 01:30:57]} {[%emt 00:00:03]} e5 {[%clk 01:30:56]} {[%emt
00:00:04]} 2. Nf3 {[%clk 01:31:15]} {[%emt 00:00:11]} Nc6 {[%clk 01:31:21]}
{[%emt 00:00:06]} 3. Bb5 {[%clk 01:31:40]} {[%emt 00:00:05]} Nf6 {[%clk
01:31:42]} {[%emt 00:00:09]} 4. O-O {[%clk 01:32:02]} {[%emt 00:00:07]} Be7
{[%clk 01:32:00]} {[%emt 00:00:13]} 5. Re1 {[%clk 01:32:19]} {[%emt 00:00:13]}
d6 {[%clk 01:32:19]} {[%emt 00:00:11]} 6. d4 {[%clk 01:32:33]} {[%emt
00:00:15]} exd4 {[%clk 01:32:27]} {[%emt 00:00:23]} 7. Nxd4 {[%clk 01:32:48]}
{[%emt 00:00:14]} Bd7 {[%emt 00:00:19]} 8. Nc3 {[%emt 00:00:48]} O-O {[%clk
01:32:51]} {[%emt 00:00:03]} 9. Nxc6 {[%clk 01:27:47]} {[%emt 00:05:28]} Bxc6
{[%clk 01:32:51]} {[%emt 00:00:30]} 10. Bxc6 {[%clk 01:27:50]} {[%emt
00:00:26]} bxc6 {[%clk 01:33:18]} {[%emt 00:00:03]} 11. f4 {[%clk 01:24:47]}
{[%emt 00:03:33]} d5 {[%clk 01:29:03]} {[%emt 00:04:46]} 12. e5 {[%clk
01:22:48]} {[%emt 00:02:29]} Bc5+ {[%clk 01:25:22]} {[%emt 00:04:11]} 13. Kh1
{[%clk 01:22:05]} {[%emt 00:01:13]} Nd7 {[%clk 01:23:20]} {[%emt 00:02:32]} 14.
Be3 {[%clk 01:16:49]} {[%emt 00:05:45]} Bb4 {[%clk 01:21:20]} {[%emt 00:02:31]}
15. Qf3 {[%clk 01:12:24]} {[%emt 00:04:54]} Nc5 {[%clk 01:17:56]} {[%emt
00:03:54]} 16. Bxc5 {[%clk 01:11:33]} {[%emt 00:01:22]} Bxc5 {[%clk 01:18:20]}
{[%emt 00:00:06]} 17. Ne2 {[%clk 01:07:57]} {[%emt 00:04:06]} Rb8 {[%clk
01:17:42]} {[%emt 00:01:09]} 18. b3 {[%clk 01:03:03]} {[%emt 00:05:23]} Qh4
{[%clk 01:14:24]} {[%emt 00:03:48]} 19. c3 {[%clk 00:59:03]} {[%emt 00:04:30]}
Rfe8 {[%clk 01:12:55]} {[%emt 00:01:59]} 20. Nd4 {[%clk 00:57:01]} {[%emt
00:02:33]} Qh6 {[%clk 01:12:01]} {[%emt 00:01:22]} 21. g4 {[%clk 00:47:41]}
{[%emt 00:09:51]} Bxd4 {[%clk 01:10:09]} {[%emt 00:02:21]} 22. cxd4 {[%clk
00:44:00]} {[%emt 00:04:12]} Rb4 {[%clk 01:10:13]} {[%emt 00:00:25]} 23. Rad1
{[%clk 00:43:10]} {[%emt 00:01:20]} c5 {[%clk 01:09:51]} {[%emt 00:00:53]} 24.
Qxd5 {[%clk 00:41:45]} {[%emt 00:01:54]} cxd4 {[%clk 01:07:47]} {[%emt
00:02:35]} 25. Rxd4 {[%clk 00:41:02]} {[%emt 00:01:12]} Qh4 {[%clk 01:04:59]}
{[%emt 00:03:19]} 26. Rg1 {[%clk 00:40:17]} {[%emt 00:01:15]} Rbb8 {[%clk
01:03:08]} {[%emt 00:02:21]} 27. Qf3 {[%clk 00:38:50]} {[%emt 00:01:56]} Re6
{[%clk 01:02:05]} {[%emt 00:01:34]} 28. g5 {[%clk 00:37:56]} {[%emt 00:01:23]}
Rxe5 {[%clk 01:00:34]} {[%emt 00:02:01]} 29. Rc4 {[%clk 00:26:50]} {[%emt
00:11:37]} Re1 {[%clk 00:58:50]} {[%emt 00:02:13]} 30. Rxc7 {[%clk 00:20:49]}
{[%emt 00:06:32]} Rxg1+ {[%clk 00:58:24]} {[%emt 00:00:55]} 31. Kxg1 {[%clk
00:21:12]} {[%emt 00:00:07]} Qe1+ {[%clk 00:58:27]} {[%emt 00:00:28]} 32. Kg2
{[%clk 00:21:33]} {[%emt 00:00:08]} Qd2+ {[%clk 00:58:43]} {[%emt 00:00:14]}
33. Qf2 {[%clk 00:21:47]} {[%emt 00:00:17]} Qd5+ {[%clk 00:58:32]} {[%emt
00:00:42]} 34. Kg3 {[%clk 00:20:09]} {[%emt 00:02:08]} Qd3+ {[%clk 00:57:08]}
{[%emt 00:01:53]} 35. Qf3 {[%clk 00:20:28]} {[%emt 00:00:11]} Qa6 {[%clk
00:57:22]} {[%emt 00:00:16]} 36. Qd5 {[%clk 00:19:23]} {[%emt 00:01:34]} Rf8
{[%clk 00:57:14]} {[%emt 00:00:38]} 37. a4 {[%clk 00:19:01]} {[%emt 00:00:53]}
Qb6 {[%clk 00:57:03]} {[%emt 00:00:41]} 38. Rb7 {[%clk 00:17:01]} {[%emt
00:02:30]} Qg1+ {[%clk 00:53:38]} {[%emt 00:03:55]} 39. Qg2 {[%clk 00:17:23]}
{[%emt 00:00:07]} Qe3+ {[%clk 00:53:48]} {[%emt 00:00:20]} 40. Qf3 {[%clk
00:18:09]} {[%emt 00:00:17]} Qg1+ {[%clk 00:54:31]} {[%emt 00:00:15]} 41. Kh3
{[%clk 00:17:36]} {[%emt 00:01:03]} Re8 {[%clk 00:54:44]} {[%emt 00:00:17]} 42.
Re7 {[%clk 00:17:43]} {[%emt 00:00:22]} Rd8 {[%clk 00:53:35]} {[%emt 00:01:40]}
43. Qe3 {[%clk 00:17:00]} {[%emt 00:01:13]} Qf1+ {[%clk 00:53:02]} {[%emt
00:01:02]} 44. Kg3 {[%clk 00:17:19]} {[%emt 00:00:12]} Kf8 {[%clk 00:52:14]}
{[%emt 00:01:19]} 45. Rxa7 {[%clk 00:15:16]} {[%emt 00:02:33]} Qd3 {[%clk
00:51:54]} {[%emt 00:00:50]} 46. Qxd3 {[%clk 00:14:11]} {[%emt 00:01:34]} Rxd3+
{[%clk 00:52:18]} {[%emt 00:00:06]} 47. Kg2 {[%clk 00:13:36]} {[%emt 00:01:05]}
Rxb3 {[%clk 00:52:41]} {[%emt 00:00:07]} 48. Ra8+ {[%clk 00:13:33]} {[%emt
00:00:33]} Ke7 {[%clk 00:53:06]} {[%emt 00:00:05]} 49. a5 {[%clk 00:13:57]}
{[%emt 00:00:07]} Ra3 {[%clk 00:53:14]} {[%emt 00:00:21]} 50. a6 {[%clk
00:14:13]} {[%emt 00:00:15]} f5 {[%clk 00:51:49]} {[%emt 00:01:54]} 51. gxf6+
{[%clk 00:14:25]} {[%emt 00:00:18]} Kxf6 {[%clk 00:52:08]} {[%emt 00:00:11]}
52. a7 {[%clk 00:14:41]} {[%emt 00:00:14]} Kg6 {[%clk 00:52:34]} {[%emt
00:00:04]} 53. Kf2 {[%clk 00:13:29]} {[%emt 00:01:43]} h6 {[%clk 00:51:02]}
{[%emt 00:02:01]} 54. f5+ {[%clk 00:12:23]} {[%emt 00:01:37]} Kh7 {[%clk
00:51:24]} {[%emt 00:00:07]} 55. Ke2 {[%clk 00:12:34]} {[%emt 00:00:19]} Ra2+
{[%clk 00:51:09]} {[%emt 00:00:45]} 56. Kd3 {[%clk 00:12:55]} {[%emt 00:00:09]}
Ra1 {[%clk 00:51:35]} {[%emt 00:00:04]} 57. Ke4 {[%clk 00:12:20]} {[%emt
00:01:05]} Re1+ {[%clk 00:50:17]} {[%emt 00:01:48]} 58. Kd5 {[%clk 00:12:43]}
{[%emt 00:00:07]} Ra1 {[%clk 00:50:23]} {[%emt 00:00:24]} 59. Kc6 {[%clk
00:12:49]} {[%emt 00:00:23]} Rc1+ {[%clk 00:49:52]} {[%emt 00:01:02]} 60. Kb7
{[%clk 00:13:12]} {[%emt 00:00:07]} Rb1+ {[%clk 00:50:15]} {[%emt 00:00:07]}
61. Kc7 {[%clk 00:13:35]} {[%emt 00:00:07]} Rc1+ {[%clk 00:50:05]} {[%emt
00:00:41]} 62. Kd7 {[%clk 00:13:59]} {[%emt 00:00:05]} Rd1+ {[%clk 00:49:46]}
{[%emt 00:00:49]} 63. Ke7 {[%clk 00:14:23]} {[%emt 00:00:06]} Ra1 {[%clk
00:49:58]} {[%emt 00:00:18]} 64. Kf7 {[%clk 00:14:41]} {[%emt 00:00:11]} Ra6
{[%clk 00:49:54]} {[%emt 00:00:35]} 65. Ke7 {[%clk 00:15:02]} {[%emt 00:00:09]}
Ra1 {[%clk 00:50:12]} {[%emt 00:00:13]} 1/2-1/2

[Event "DVM U20w 2023"]
[Site "Magdeburg GER"]
[Date "2023.12.28"]
[Round "3"]
[White "Schmidt, Luise"]
[Black "Neumeier, Valentina"]
[Result "1-0"]
[Termination "normal"]
[Board "3.2"]
[WhiteElo "1465"]
[BlackElo "1546"]
[WhiteClock "00:38:51"]
[BlackClock "00:44:54"]
[WhiteTeam "SV Königsjäger Süd-West"]
[BlackTeam "SK Kelheim 1920"]
[PlyCount "111"]
[WhiteFideId "16294475"]
[BlackFideId "34608222"]
[EventCountry "GER"]
[EventRounds "7"]
[EventType "team-swiss"]
[EventDate "2023.12.26"]

1. d4 {[%clk 01:30:57]} {[%emt 00:00:03]} d5 {[%clk 01:30:55]} {[%emt
00:00:05]} 2. c4 {[%clk 01:31:23]} {[%emt 00:00:04]} e6 {[%clk 01:31:19]}
{[%emt 00:00:06]} 3. Nc3 {[%clk 01:31:41]} {[%emt 00:00:11]} Nf6 {[%clk
01:31:42]} {[%emt 00:00:08]} 4. cxd5 {[%clk 01:32:03]} {[%emt 00:00:09]} exd5
{[%clk 01:32:04]} {[%emt 00:00:07]} 5. Bg5 {[%clk 01:32:25]} {[%emt 00:00:08]}
Be7 {[%clk 01:32:26]} {[%emt 00:00:08]} 6. e3 {[%clk 01:32:35]} {[%emt
00:00:20]} c6 {[%clk 01:32:48]} {[%emt 00:00:07]} 7. Bd3 {[%clk 01:32:24]}
{[%emt 00:00:41]} Nbd7 {[%clk 01:32:54]} {[%emt 00:00:25]} 8. Qc2 {[%clk
01:32:05]} {[%emt 00:00:49]} O-O {[%clk 01:32:18]} {[%emt 00:01:06]} 9. Nf3
{[%clk 01:31:55]} {[%emt 00:00:40]} Re8 {[%clk 01:32:19]} {[%emt 00:00:28]} 10.
O-O {[%clk 01:32:01]} {[%emt 00:00:25]} h6 {[%clk 01:32:27]} {[%emt 00:00:22]}
11. Bh4 {[%clk 01:32:04]} {[%emt 00:00:27]} Ne4 {[%clk 01:32:39]} {[%emt
00:00:17]} 12. Bxe7 {[%clk 01:32:11]} {[%emt 00:00:24]} Qxe7 {[%clk 01:32:59]}
{[%emt 00:00:09]} 13. Rab1 {[%clk 01:30:24]} {[%emt 00:02:17]} g5 {[%clk
01:25:53]} {[%emt 00:07:38]} 14. Nd2 {[%clk 01:16:31]} {[%emt 00:14:22]} Ndf6
{[%clk 01:24:18]} {[%emt 00:02:05]} 15. Ndxe4 {[%clk 01:09:46]} {[%emt
00:07:15]} Nxe4 {[%clk 01:16:10]} {[%emt 00:08:38]} 16. Nxe4 {[%clk 01:03:18]}
{[%emt 00:06:58]} dxe4 {[%clk 01:16:31]} {[%emt 00:00:10]} 17. Bc4 {[%clk
01:01:58]} {[%emt 00:01:49]} h5 {[%clk 01:10:01]} {[%emt 00:07:00]} 18. f3
{[%clk 00:49:10]} {[%emt 00:13:18]} exf3 {[%clk 01:00:58]} {[%emt 00:09:33]}
19. Qg6+ {[%clk 00:46:40]} {[%emt 00:03:00]} Kf8 {[%clk 01:00:32]} {[%emt
00:00:54]} 20. Rxf3 {[%clk 00:44:58]} {[%emt 00:02:13]} Be6 {[%clk 00:50:54]}
{[%emt 00:10:09]} 21. Bxe6 {[%clk 00:41:47]} {[%emt 00:03:41]} Qxe6 {[%clk
00:49:40]} {[%emt 00:01:44]} 22. Rxf7+ {[%clk 00:40:02]} {[%emt 00:02:15]} Qxf7
{[%clk 00:49:50]} {[%emt 00:00:20]} 23. Rf1 {[%clk 00:40:02]} {[%emt 00:00:30]}
Qxf1+ {[%clk 00:49:38]} {[%emt 00:00:42]} 24. Kxf1 {[%clk 00:40:25]} {[%emt
00:00:07]} Rxe3 {[%clk 00:47:23]} {[%emt 00:02:44]} 25. Qf6+ {[%clk 00:40:04]}
{[%emt 00:00:49]} Ke8 {[%clk 00:46:24]} {[%emt 00:01:11]} 26. Qh8+ {[%clk
00:40:14]} {[%emt 00:00:40]} Kd7 {[%clk 00:46:34]} {[%emt 00:00:18]} 27. Qxa8
{[%clk 00:40:23]} {[%emt 00:00:24]} Kc7 {[%clk 00:44:33]} {[%emt 00:02:31]} 28.
Qxa7 {[%clk 00:40:10]} {[%emt 00:00:43]} Re4 {[%clk 00:43:57]} {[%emt
00:01:06]} 29. Qa5+ {[%clk 00:40:09]} {[%emt 00:00:30]} b6 {[%clk 00:43:38]}
{[%emt 00:00:51]} 30. Qxg5 {[%clk 00:40:20]} {[%emt 00:00:18]} Rxd4 {[%clk
00:42:42]} {[%emt 00:01:26]} 31. Qe5+ {[%clk 00:40:30]} {[%emt 00:00:18]} Rd6
{[%clk 00:43:05]} {[%emt 00:00:08]} 32. Qxh5 {[%clk 00:40:11]} {[%emt
00:00:50]} Rd2 {[%clk 00:42:23]} {[%emt 00:01:11]} 33. Qe5+ {[%clk 00:39:57]}
{[%emt 00:00:42]} Rd6 {[%clk 00:42:14]} {[%emt 00:00:41]} 34. g4 {[%clk
00:39:56]} {[%emt 00:00:31]} Kd7 {[%clk 00:42:21]} {[%emt 00:00:23]} 35. g5
{[%clk 00:39:18]} {[%emt 00:01:09]} Re6 {[%clk 00:42:11]} {[%emt 00:00:39]} 36.
Qd4+ {[%clk 00:39:29]} {[%emt 00:00:18]} Ke7 {[%clk 00:42:05]} {[%emt
00:00:38]} 37. Qxb6 {[%clk 00:39:41]} {[%emt 00:00:18]} Rg6 {[%clk 00:42:05]}
{[%emt 00:00:30]} 38. h4 {[%clk 00:39:24]} {[%emt 00:00:46]} Kd7 {[%clk
00:40:52]} {[%emt 00:01:32]} 39. Qe3 {[%clk 00:38:57]} {[%emt 00:01:08]} Re6
{[%clk 00:40:36]} {[%emt 00:00:46]} 40. Qxe6+ {[%clk 00:37:11]} {[%emt
00:02:17]} Kxe6 {[%clk 00:40:59]} {[%emt 00:00:07]} 41. a4 {[%clk 00:37:33]}
{[%emt 00:00:07]} Kd7 {[%clk 00:39:59]} {[%emt 00:01:30]} 42. a5 {[%clk
00:37:22]} {[%emt 00:00:41]} Kd8 {[%clk 00:40:09]} {[%emt 00:00:20]} 43. a6
{[%clk 00:37:44]} {[%emt 00:00:08]} Kc7 {[%clk 00:40:35]} {[%emt 00:00:05]} 44.
g6 {[%clk 00:38:06]} {[%emt 00:00:08]} Kb6 {[%clk 00:41:00]} {[%emt 00:00:05]}
45. g7 {[%clk 00:38:32]} {[%emt 00:00:04]} Kxa6 {[%clk 00:41:24]} {[%emt
00:00:06]} 46. g8=Q {[%clk 00:38:52]} {[%emt 00:00:09]} Kb5 {[%clk 00:41:48]}
{[%emt 00:00:05]} 47. Ke2 {[%clk 00:38:44]} {[%emt 00:00:39]} Kc5 {[%clk
00:42:08]} {[%emt 00:00:11]} 48. h5 {[%clk 00:38:30]} {[%emt 00:00:43]} Kb5
{[%clk 00:42:24]} {[%emt 00:00:14]} 49. h6 {[%clk 00:38:46]} {[%emt 00:00:15]}
Kb6 {[%clk 00:42:47]} {[%emt 00:00:06]} 50. h7 {[%clk 00:39:02]} {[%emt
00:00:15]} Kb5 {[%clk 00:43:13]} {[%emt 00:00:04]} 51. h8=R {[%clk 00:39:23]}
{[%emt 00:00:09]} Kb6 {[%clk 00:43:33]} {[%emt 00:00:09]} 52. Qc4 {[%clk
00:38:55]} {[%emt 00:00:59]} Kb7 {[%clk 00:43:47]} {[%emt 00:00:16]} 53. Rh7+
{[%clk 00:38:36]} {[%emt 00:00:49]} Kb6 {[%clk 00:44:08]} {[%emt 00:00:09]} 54.
Qb4+ {[%clk 00:38:45]} {[%emt 00:00:21]} Ka6 {[%clk 00:44:29]} {[%emt
00:00:09]} 55. Rb7 {[%clk 00:38:51]} {[%emt 00:00:23]} c5 {[%clk 00:44:54]}
{[%emt 00:00:06]} 56. Qb6# {[%emt 00:00:07]} 1-0

[Event "DVM U20w 2023"]
[Site "Magdeburg GER"]
[Date "2023.12.28"]
[Round "3"]
[White "Gubler, Katharina"]
[Black "Schülke, Rosalie"]
[Result "1-0"]
[Termination "normal"]
[Board "3.3"]
[WhiteElo "1482"]
[BlackElo "1554"]
[WhiteClock "00:07:46"]
[BlackClock "00:05:51"]
[WhiteTeam "SK Kelheim 1920"]
[BlackTeam "SV Königsjäger Süd-West"]
[PlyCount "69"]
[WhiteFideId "16282990"]
[BlackFideId "16287436"]
[EventCountry "GER"]
[EventRounds "7"]
[EventType "team-swiss"]
[EventDate "2023.12.26"]

1. e4 {[%clk 01:30:56]} {[%emt 00:00:04]} e6 {[%clk 01:30:56]} {[%emt
00:00:05]} 2. d3 {[%clk 01:31:13]} {[%emt 00:00:12]} d5 {[%clk 01:31:20]}
{[%emt 00:00:06]} 3. Nd2 {[%clk 01:31:27]} {[%emt 00:00:16]} c5 {[%clk
01:31:10]} {[%emt 00:00:40]} 4. Ngf3 {[%clk 01:31:44]} {[%emt 00:00:14]} Nc6
{[%clk 01:30:28]} {[%emt 00:01:11]} 5. g3 {[%clk 01:31:40]} {[%emt 00:00:35]}
Bd6 {[%clk 01:27:07]} {[%emt 00:03:51]} 6. Bg2 {[%clk 01:30:08]} {[%emt
00:02:02]} Nge7 {[%clk 01:27:03]} {[%emt 00:00:34]} 7. O-O {[%clk 01:28:10]}
{[%emt 00:02:28]} O-O {[%clk 01:26:38]} {[%emt 00:00:54]} 8. Re1 {[%clk
01:26:48]} {[%emt 00:01:53]} f6 {[%clk 01:25:03]} {[%emt 00:02:05]} 9. Nb3
{[%clk 01:22:55]} {[%emt 00:04:23]} d4 {[%clk 01:23:42]} {[%emt 00:01:50]} 10.
c3 {[%clk 01:21:04]} {[%emt 00:02:22]} e5 {[%clk 01:23:31]} {[%emt 00:00:41]}
11. Nh4 {[%clk 01:15:46]} {[%emt 00:05:47]} Ng6 {[%clk 01:09:22]} {[%emt
00:14:39]} 12. Nf5 {[%clk 01:06:18]} {[%emt 00:09:58]} Be6 {[%clk 00:58:13]}
{[%emt 00:11:37]} 13. Nxd6 {[%clk 01:00:37]} {[%emt 00:06:14]} Qxd6 {[%clk
00:58:29]} {[%emt 00:00:13]} 14. f4 {[%clk 00:58:27]} {[%emt 00:02:40]} Bf7
{[%clk 00:46:09]} {[%emt 00:12:50]} 15. Qf3 {[%clk 00:49:48]} {[%emt 00:09:10]}
b5 {[%clk 00:40:54]} {[%emt 00:05:45]} 16. cxd4 {[%clk 00:43:02]} {[%emt
00:07:16]} Nxd4 {[%clk 00:40:12]} {[%emt 00:01:11]} 17. Nxd4 {[%clk 00:41:53]}
{[%emt 00:01:39]} exd4 {[%clk 00:38:09]} {[%emt 00:02:33]} 18. e5 {[%clk
00:33:37]} {[%emt 00:08:47]} fxe5 {[%clk 00:36:41]} {[%emt 00:01:58]} 19. fxe5
{[%clk 00:31:45]} {[%emt 00:02:21]} Nxe5 {[%clk 00:34:23]} {[%emt 00:02:48]}
20. Qf5 {[%clk 00:29:55]} {[%emt 00:02:20]} Nxd3 {[%clk 00:23:23]} {[%emt
00:11:30]} 21. Qxd3 {[%clk 00:27:35]} {[%emt 00:02:51]} Bc4 {[%clk 00:23:06]}
{[%emt 00:00:47]} 22. Qd1 {[%clk 00:26:53]} {[%emt 00:01:12]} Rad8 {[%clk
00:20:49]} {[%emt 00:02:45]} 23. Bf4 {[%clk 00:25:39]} {[%emt 00:01:44]} Qf6
{[%clk 00:19:36]} {[%emt 00:01:41]} 24. Qd2 {[%clk 00:22:51]} {[%emt 00:03:21]}
d3 {[%clk 00:18:37]} {[%emt 00:01:29]} 25. b3 {[%clk 00:21:13]} {[%emt
00:02:08]} Bf7 {[%clk 00:16:20]} {[%emt 00:02:48]} 26. Rad1 {[%clk 00:18:42]}
{[%emt 00:03:00]} c4 {[%clk 00:14:57]} {[%emt 00:01:53]} 27. Be5 {[%clk
00:17:57]} {[%emt 00:01:15]} Qb6+ {[%clk 00:13:46]} {[%emt 00:01:38]} 28. Qe3
{[%clk 00:16:40]} {[%emt 00:01:50]} Qa5 {[%clk 00:13:01]} {[%emt 00:01:15]} 29.
Qg5 {[%clk 00:14:08]} {[%emt 00:03:01]} Qb6+ {[%clk 00:10:56]} {[%emt
00:02:35]} 30. Kh1 {[%clk 00:13:53]} {[%emt 00:00:45]} Bg6 {[%clk 00:10:44]}
{[%emt 00:00:43]} 31. bxc4 {[%clk 00:12:43]} {[%emt 00:01:40]} bxc4 {[%clk
00:11:11]} {[%emt 00:00:04]} 32. Bc3 {[%clk 00:12:24]} {[%emt 00:00:48]} Rf2
{[%clk 00:08:24]} {[%emt 00:03:17]} 33. Qe5 {[%clk 00:08:42]} {[%emt 00:04:11]}
Rd7 {[%clk 00:05:30]} {[%emt 00:03:26]} 34. Bd5+ {[%clk 00:07:43]} {[%emt
00:01:28]} Bf7 {[%clk 00:05:51]} {[%emt 00:00:07]} 35. Qxg7# {[%clk 00:07:46]}
{[%emt 00:00:27]} 1-0